Score 0/8 Timer 03:00
6 Plays Today
% Correct
Switzerland
82.5%
Bulgaria
70%
Ukraine
65.7%
Lithuania
64.3%
Finland
62.5%
Slovakia
61.4%
Liechtenstein
56.2%
Czechia
51.1%

You're not logged in!

Compare scores with friends on all Sporcle quizzes.
OR
Log In

Sporcle TV

Today on Sporcle TV


Watch our educational content, quiz creation guides, and fun videos on Sporcle TV.

Show Comments

Extras

Top Quizzes Today


Score Distribution

Paid Content

Your Account Isn't Verified!

In order to create a playlist on Sporcle, you need to verify the email address you used during registration. Go to your Sporcle Settings to finish the process.

Report this User

Report this user for behavior that violates our Community Guidelines.

Details: